01020cam a2200253 a 450000100100000000500170001000800410002704000220006805000230009008200180011310000430013124500680017426000940024230000290033649000240036549000300038965000260041965000420044565000490048783000600053691000340059695201210063099900150075100000577720200929151800.0760824s1966 uy 001 1 spa  aDO-SdBNPcFUdDLC00aPQ8519.C5bL3 1966 aU863.4bC576l1 aCione, Otto Miguel,d1875-1945.91635010aLauracha /cOtto Miguel Cione ; prólogo, Arturo Sergio Visca. aMontevideo, Uruguay :bMinisterio de Instrucción Pública y Previsión Social,c1966. axxxvii, 233 p. ;c20 cm.0 aBiblioteca Artigas.1 aClásicos uruguayosv109 4aNovela uruguaya95679 4aLiteratura uruguayaySIGLO XIX916344 4aLiteratura latinoamericanaySIGLO XIX916348 0aBiblioteca Artigas.pclásicos uruguayos ;v109916286 aCatalogación por copia / LC 001052708MOaGRbGRcCTd2009-08-22iLF1l0oU863.4 C576lp5777-10r2020-06-25w2020-06-25y2ZPréstamo interno c5573d5573